| 000 | 00595nam a2200205Ia 4500 | ||
|---|---|---|---|
| 005 | 20260429112109.0 | ||
| 008 | 260429s9999||||xx |||||||||||||| ||und|| | ||
| 020 | _a9783031400582 | ||
| 041 | _aEnglish | ||
| 082 |
_a658.4030 _bMAR |
||
| 100 | _aMarti, Kurt | ||
| 245 | 0 |
_aStochastic optimization methods : _bapplications in engineering and operations research / _cKurt Marti |
|
| 250 | _a1st ed. | ||
| 260 |
_aSwitzerland : _bSpringer, _c2024. |
||
| 300 | _axii, 384 p.; hb | ||
| 650 | _a Engineering | ||
| 650 | _a Optimization methods | ||
| 650 | _aOperations research | ||
| 942 | _cTB | ||
| 999 |
_c52330 _d52330 |
||